| 000 | 01110nam a22002657a 4500 | ||
|---|---|---|---|
| 999 |
_c64065 _d64065 |
||
| 005 | 20240530110713.0 | ||
| 008 | 180212s2015 ua b g b 000 0 ara d | ||
| 017 |
_a19320 _bمصر. دار الكتب |
||
| 020 | _a9789773835713 ( ج. 1 ) | ||
| 020 | _a9789773833175 ( ج. 2 ) | ||
| 040 |
_aEG-CaGPL _cEG-CaGPL |
||
| 082 | 0 | 4 |
_221 _a940.1 / _bم ت |
| 100 | 0 | _aمحمد مصطفى الغوج | |
| 245 | 1 | 0 |
_aتاريخ اوروبا فى العصور الوسطى : _bمن ازمة القرن الثالث حتى منتصف القرن التاسع / _cتاليف محمد مصطفى الغوج |
| 250 | _aط. 1 | ||
| 260 |
_aالقاهرة : _bايتراك للطباعة و النشر و التوزيع ، _c2015. |
||
| 300 |
_a2 جزء ؛ _c24 سم. |
||
| 504 | _aيشتمل على ارجاعات ببليوجرافية | ||
| 650 | _2qrmak | ||
| 651 | 0 | 7 |
_2qrmak _aاوربا _xتاريخ |
| 651 | 0 | 7 |
_2qrmak _aاوربا _xتاريخ _yالعصور الوسطى |
| 651 | 0 | 7 |
_2qrmak _aاوربا _xتاريخ _yالقرن التاسع |
| 942 |
_2ddc _cBK |
||